000 00581nam a2200229Ia 4500
003 OSt
005 20221005125515.0
006 a|||||r|||| 00| 0
007 ta
008 221004b |||||||| |||| 00| 0 kan d
024 _a58887
037 _cTextual
040 _aCRL
_cCRL
_bkan
041 _2kan
_akan
082 _aDelta2xM72,1, 33H8
100 _aArvindaru Au.
_9636787
245 0 _aPharma hage rasthiyatva
260 _c1948
650 _aMYSTICISM
942 _hDelta2xM72,1, 33H8
_cTEXL
_2cc
999 _c1054232
_d1054232